000 00834nam a22002417a 4500
999 _c1251
_d1251
003 AR-CdUCM
008 190226b ||||| |||| 00| 0 spa d
040 _aMUNICIPALIDAD PROVINCIAL DEL CUSCO
_cBIBLIOTECA MUNICIPAL DEL CUSCO
041 _heng
082 _a959 /
_bH73
100 _aHoney, Patrick J.
_94867
245 _aVietnam del Norte en la encrucijada de Asia /
260 _aArgentina :
_bEdiciones Marymar ;
_c1967.
300 _a204 páginas ;
_c20 cm.
505 _aFactores de la política Norvietnamita -- Los vietnamitas y los chinos -- Ho Chi Minh -- Vo Nguyen Giap -- La guerra contra Francia
650 _aVietnamitas
_94868
650 _aReunificación
_94869
650 _aComunismo
_9495
650 _aConflicto
_94870
650 _aNeutralismo
_94871
942 _2ddc
_cLIBROS
945 _anom
_d2019-02-26